书目信息 |
| 题名: |
世界上最伟大的推销员全集
|
|
| 作者: | 曼迪诺 , 纳尔逊 , 曼狄诺 著 ;陆时文 译 | |
| 分册: | ||
| 出版信息: | 北京 化学工业出版社 2014 |
|
| 页数: | 140页 | |
| 开本: | 23cm | |
| 丛书名: | ||
| 单 册: | ||
| 中图分类: | F713.3 | |
| 科图分类: | ||
| 主题词: | 推销 , 推销--通俗读物 | |
| 电子资源: | ||
| ISBN: | 978-7-122-18821-2 | |
| 000 | 01340nam0 2200313 450 | |
| 001 | 139569 | |
| 005 | 20140912140050.46 | |
| 010 | @a978-7-122-18821-2@dCNY 29.00 | |
| 100 | @a20140325d2014 em y0chiy50 ea | |
| 101 | 1 | @achi@ceng |
| 102 | @aCN@b110000 | |
| 105 | @aa z 000yy | |
| 200 | 1 | @a世界上最伟大的推销员全集@Ashi jie shang zui wei da de tui xiao yuan quan ji@b专著@e超值珍藏版@f(美)曼狄诺,(美)罗伯特·纳尔逊著@F(mei)man di nuo,(mei)luo bo te·na er xun zhu@g陆时文译 |
| 210 | @a北京@c化学工业出版社@d2014 | |
| 215 | @a140页@c照片@d23cm@e1手册(28页;17cm) | |
| 305 | @aFrederick Fell通过大苹果版权代理有限公司授权上海慧志文化传播有限公司出版 | |
| 307 | @a附:《最伟大的推销员实战训练手册》 | |
| 312 | @a版权页英文题名:The greatest sales training in the world | |
| 330 | @a本书记载了一个穷苦少年依靠十张神秘羊皮卷成为大富豪的传奇故事。罗伯特·纳尔逊参透了羊皮卷的古老智慧,在奥格·曼狄诺思想精髓的基础上,打造成这本成功实践全集。 | |
| 510 | 1 | @aGreatest sales training in the world@zeng |
| 606 | 0 | @a推销 |
| 606 | 0 | @a推销@j通俗读物 |
| 690 | @aF713.3@v5 | |
| 701 | 0 | @c(美)@a曼迪诺@Aman di nuo@c(Mandino, Og@f1924 )@4著 |
| 701 | 0 | @c(美)@a纳尔逊@Ana er xun@c(Nelson,Robert)@4著 |
| 701 | 0 | @a曼狄诺@Aman di nuo@4著 |
| 702 | 0 | @a陆时文@Alu shi wen@4译 |
| 801 | 0 | @c20140912 |
| 905 | @a241430@dF713.3@eM312 | |
| 世界上最伟大的推销员全集:超值珍藏版/(美)曼狄诺,(美)罗伯特·纳尔逊著/陆时文译.-北京:化学工业出版社,2014 |
| 140页:照片;23cm+1手册(28页;17cm) |
| ISBN 978-7-122-18821-2:CNY 29.00 |
| 本书记载了一个穷苦少年依靠十张神秘羊皮卷成为大富豪的传奇故事。罗伯特·纳尔逊参透了羊皮卷的古老智慧,在奥格·曼狄诺思想精髓的基础上,打造成这本成功实践全集。 |
| ● |
| 相关链接 |
|
|
|
正题名:世界上最伟大的推销员全集
索取号:F713.3/M312
 
预约/预借
| 序号 | 登录号 | 条形码 | 馆藏地/架位号 | 状态 | 备注 |
| 1 | 0831194 | 208311940 | 社科二线422/422社科库 10排1列1层/ [索取号:F713.3/M312] | 在馆 | |
| 2 | 0831195 | 208311959 | 社科库409/409社科库 41排2列1层/ [索取号:F713.3/M312] | 在馆 | |
| 3 | 0831196 | 208311968 | 社科库409/409社科库 41排2列1层/ [索取号:F713.3/M312] | 在馆 |